| 000 | 01195nam a22003014a 4500 | ||
|---|---|---|---|
| 001 | ebr10228243 | ||
| 003 | CaPaEBR | ||
| 006 | m u | ||
| 007 | cr cn||||||||| | ||
| 008 | 050609s2006 maua sb 001 0 eng | ||
| 010 | _z 2005016674 | ||
| 020 | _z1584504056 (pbk. with cd-rom : alk. paper) | ||
| 040 |
_aCaPaEBR _cCaPaEBR |
||
| 035 | _a(OCoLC)568325849 | ||
| 050 | 1 | 4 |
_aHV8079.C65 _bB76 2006eb |
| 082 | 0 | 4 |
_a363.25/968 _222 |
| 100 | 1 | _aBrown, Christopher L. T. | |
| 245 | 1 | 0 |
_aComputer evidence _h[electronic resource] : _bcollection & preservation / _cChristopher L.T. Brown. |
| 250 | _a1st ed. | ||
| 260 |
_aHingham, Mass. : _bCharles River Media, _cc2006. |
||
| 300 |
_axxii, 394 p. : _bill. |
||
| 504 | _aIncludes bibliographical references and index. | ||
| 533 |
_aElectronic reproduction. _bPalo Alto, Calif. : _cebrary, _d2013. _nAvailable via World Wide Web. _nAccess may be limited to ebrary affiliated libraries. |
||
| 650 | 0 |
_aComputer crimes _xInvestigation. |
|
| 655 | 7 |
_aElectronic books. _2local |
|
| 710 | 2 | _aebrary, Inc. | |
| 856 | 4 | 0 |
_uhttp://site.ebrary.com/lib/rucke/Doc?id=10228243 _zAn electronic book accessible through the World Wide Web; click to view |
| 999 |
_c38523 _d38523 |
||